49ers Playoffs or Not Seasons - Statistics

General Stats
  • This quiz has been taken 122 times
  • The average score is 72 of 75
Answer Stats
Year Playoffs or Not % Correct
1946 No
99%
1947 No
98%
1948 No
98%
1980 No
97%
1991 No
97%
1950 No
96%
1951 No
96%
1952 No
96%
1953 No
96%
1954 No
96%
1955 No
96%
1956 No
96%
1974 No
96%
1975 No
96%
1976 No
96%
1977 No
96%
1978 No
96%
1979 No
96%
1982 No
96%
1999 No
96%
2003 No
96%
2004 No
96%
2005 No
96%
2006 No
96%
2007 No
96%
2008 No
96%
2009 No
96%
2010 No
96%
2014 No
96%
1958 No
95%
1959 No
95%
1960 No
95%
1961 No
95%
1962 No
95%
1963 No
95%
1964 No
95%
1965 No
95%
1966 No
95%
1967 No
95%
1968 No
95%
1969 No
95%
1973 No
95%
2000 No
95%
2015 No
95%
2016 No
95%
2017 No
95%
2018 No
95%
1981 Yes
95%
1983 Yes
95%
1984 Yes
95%
1985 Yes
95%
1986 Yes
95%
1987 Yes
95%
1988 Yes
95%
1989 Yes
95%
1990 Yes
95%
1992 Yes
95%
1993 Yes
95%
1994 Yes
95%
2020 No
94%
1949 Yes
94%
1970 Yes
94%
1971 Yes
94%
1972 Yes
94%
1995 Yes
94%
1996 Yes
94%
1997 Yes
94%
1998 Yes
94%
2001 Yes
94%
2002 Yes
94%
2011 Yes
94%
2012 Yes
94%
2013 Yes
94%
1957 Yes
93%
2019 Yes
93%
No matching quizzes found
Score Distribution
Percent of People with Each Score
Percentile by Number Answered
Your Score History
You have not taken this quiz